LEADER 01732oas 22005893a 450 001 9910626156403321 005 20250922213015.0 011 $a2164-1773 035 $a(OCoLC)71150745 035 $a(CONSER) 2011203331 035 $a(CKB)110978984565233 035 $a(EXLCZ)99110978984565233 100 $a20060825b19911998 uy a 101 0 $aeng 135 $aur||||||||||| 181 $ctxt$2rdacontent 182 $cc$2rdamedia 183 $acr$2rdacarrier 200 10$aProceedings /$fthe ... Annual IEEE International ASIC Conference and Exhibit 210 $aNew York, NY $cInstitute of Electrical and Electronics Engineers 215 $a8 volumes $cillustrations ;$d28 cm 300 $a"IEEE catalog." 311 08$a1063-0988 517 1 $aProceedings of ... Annual IEEE International ASIC Conference and Exhibit 531 0 $aProc. 606 $aApplication-specific integrated circuits$vCongresses 606 $aApplication-specific integrated circuits$2fast$3(OCoLC)fst00811719 608 $aConference papers and proceedings.$2fast 608 $aPeriodicals.$2fast 615 0$aApplication-specific integrated circuits 615 7$aApplication-specific integrated circuits. 676 $a621.39 676 $a621.381/5 712 02$aInstitute of Electrical and Electronics Engineers 801 0$bOCLCS 801 1$bOCLCS 801 2$bOCLCS 801 2$bTXJ 801 2$bOCLCQ 801 2$bOCLCE 801 2$bDLC 801 2$bOCLCQ 801 2$bOCLCF 801 2$bCUD 801 2$bOCLCQ 801 2$bOCL 801 2$bOCLCA 801 2$bOCLCL 906 $aCONFERENCE 912 $a9910626156403321 996 $aProceedings$957126 997 $aUNINA